Super Mario Party Characters - Statistics

General Stats
  • This quiz has been taken 417 times
  • The average score is 16 of 20
Answer Stats
Character % Correct
Mario
99%
Luigi
98%
Peach
97%
Daisy
96%
Bowser
94%
Wario
92%
Waluigi
91%
Yoshi
90%
Koopa
86%
Bowser Jr.
85%
Donkey Kong
85%
Goomba
81%
Rosalina
81%
Diddy Kong
79%
Boo
70%
Dry Bones
68%
Shy Guy
68%
Monty Mole
57%
Hammer Bro
53%
Pom Pom
48%
No matching quizzes found
Score Distribution
Percent of People with Each Score
Percentile by Number Answered
Your Score History
You have not taken this quiz